[Event "Challenge"]
[Site "http://www.queenalice.com/game.php?id=629573"]
[Date "2009.8.2"]
[Round "-"]
[White "dumont"]
[Black "stephen6"]
[Result "0-1"]
[WhiteElo "1122"]
[BlackElo "1192"]

1. d3 e5 2. h4 d5 3. Bg5 f6 4. Be3 Bb4+ 5. c3 Ba5 6. b4 Bb6 7. Bxb6 axb6 8. g3
Ne7 9. Bh3 O-O 10. Bg2 Nbc6 11. b5 Na5 12. c4 Nf5 13. Bxd5+ Rf7 14. Qc2 Nd4 15.
Qd2 c6 16. Nc3 cxd5 17. cxd5 Rd7 18. e4 Qe7 19. f4 exf4 20. Qxf4 Nc2+ 21. Kd1
Nxa1 22. d6 Rxd6 23. Qe3 Bg4+ 24. Nf3 Rad8 25. Rf1 Rxd3+ 26. Ke2 Rxe3+ 27. Kxe3
Qa3 28. Rc1 Qxc1+ 29. Ke2 Qxc3 30. Kf2 Qxf3+ 31. Kg1 Qe2 32. Kh1 Rd1# 0-1

[Event "Challenge"]
[Site "http://www.queenalice.com/game.php?id=629574"]
[Date "2009.8.2"]
[Round "-"]
[White "dumont"]
[Black "valium97"]
[Result "0-1"]
[WhiteElo "1153"]
[BlackElo "1337"]

1. d3 d6 2. d4 Nf6 3. f3 Nbd7 4. Nc3 e5 5. d5 c6 6. dxc6 bxc6 7. Ne4 d5 8. Bg5
dxe4 9. fxe4 h6 10. Be3 Nxe4 11. Qd3 Qh4+ 12. g3 Qg4 13. h3 Qxg3+ 14. Kd1 Bb4
15. Qxe4 Qe1# 0-1

[Event "Challenge"]
[Site "http://www.queenalice.com/game.php?id=637739"]
[Date "2009.8.16"]
[Round "-"]
[White "dumont"]
[Black "Arianna"]
[Result "0-1"]
[WhiteElo "1100"]
[BlackElo "1214"]

1. d4 d5 2. Nc3 c6 3. e3 h5 4. h4 Bg4 5. f3 Bf5 6. e4 dxe4 7. fxe4 Bg4 8. Be2 e6
9. Bxg4 hxg4 10. Qxg4 Nf6 11. e5 Nxg4 12. Bg5 Qxd4 13. Rh3 Qxg1+ 14. Ke2 Qxa1
15. Rg3 Nxe5 16. Rd3 Nxd3 17. cxd3 Qxb2+ 18. Ke3 Bc5+ 19. Ke4 Qxc3 0-1

[Event "Challenge"]
[Site "http://www.queenalice.com/game.php?id=637742"]
[Date "2009.8.16"]
[Round "-"]
[White "dumont"]
[Black "smosbeck"]
[Result "0-1"]
[WhiteElo "1057"]
[BlackElo "1201"]

1. d4 d5 2. c3 c6 3. e3 Bf5 4. g3 Nf6 5. Qe2 g6 6. Bh3 Bh6 7. f3 O-O 8. e4 dxe4
9. fxe4 Bxe4 10. Nd2 Bxh1 0-1

[Event "Challenge"]
[Site "http://www.queenalice.com/game.php?id=638020"]
[Date "2009.8.17"]
[Round "-"]
[White "dumont"]
[Black "egosofico"]
[Result "0-1"]
[WhiteElo "1160"]
[BlackElo "1076"]

1. d4 Nf6 2. e3 c5 3. dxc5 e6 4. g3 Bxc5 5. Bh3 b6 6. Qf3 Nc6 7. a4 Bb7 8. b3
O-O 9. c3 Na5 10. b4 Bxf3 11. Nxf3 Bxb4 12. cxb4 Nb3 13. Bb2 Nxa1 14. Bxa1 Qc7
15. a5 Qc1+ 16. Ke2 Qxh1 17. Ne1 Ne4 18. Nd2 Nxd2 19. Bg2 Qxh2 20. Bxa8 Nb3 21.
Be5 Rxa8 22. Nc2 Rc8 23. Na3 Qh5+ 24. Kd3 d5 25. f4 Qd1# 0-1

[Event "Challenge"]
[Site "http://www.queenalice.com/game.php?id=712003"]
[Date "2010.1.11"]
[Round "-"]
[White "Piazzolero"]
[Black "dumont"]
[Result "1-0"]
[WhiteElo "1490"]
[BlackElo "1046"]

1. c4 e5 2. Nc3 d6 3. Nd5 c6 4. Nb4 Na6 5. a3 Nf6 6. Nf3 e4 7. Nh4 g5 8. Nf5
Bxf5 9. d3 d5 10. Bxg5 Qe7 11. h4 h6 12. Bf4 Nh5 13. g3 c5 14. Nxd5 Qe6 15. Qb3
Rb8 16. Bxb8 Nxb8 17. Qxb7 exd3 18. Qxb8+ Qc8 19. Qxa7 Qd7 20. Qb6 Qd6 21. Qb5+
Kd8 22. exd3 Qb6 23. Nxb6 Nf6 24. O-O-O Ne8 25. Re1 Nc7 26. Qc6 h5 27. Qf6+ Be7
28. Qxe7# 1-0

[Event "Challenge"]
[Site "http://www.queenalice.com/game.php?id=792679"]
[Date "2010.6.20"]
[Round "-"]
[White "dumont"]
[Black "Mont"]
[Result "1-0"]
[WhiteElo "1044"]
[BlackElo "1036"]

1. c4 Nc6 2. b3 d6 3. f3 e5 4. d3 Nf6 5. g3 g5 6. h4 gxh4 7. gxh4 Nh5 8. Bh3 f5
9. e3 Qxh4+ 10. Kf1 Nb4 11. Rh2 1-0

[Event "Challenge"]
[Site "http://www.queenalice.com/game.php?id=813387"]
[Date "2010.8.4"]
[Round "-"]
[White "PRZ"]
[Black "dumont"]
[Result "0-1"]
[WhiteElo "1230"]
[BlackElo "1060"]

1. e4 d6 2. Nc3 e6 3. Nf3 Nc6 4. Bb5 a6 5. Bxc6+ bxc6 6. b3 d5 7. exd5 cxd5 8.
Ne5 d4 9. Qf3 Rb8 10. Qc6+ Ke7 11. Qc5+ Qd6 12. Qxd6+ Kxd6 13. Nc4+ Ke7 14. Ne4
Nf6 15. Ba3+ Ke8 0-1

[Event "Challenge"]
[Site "http://www.queenalice.com/game.php?id=813443"]
[Date "2010.8.5"]
[Round "-"]
[White "dumont"]
[Black "garota_rap"]
[Result "1-0"]
[WhiteElo "1083"]
[BlackElo "1563"]

1. d4 Nf6 2. Nf3 d6 3. e3 a6 4. d5 e6 5. c4 exd5 6. cxd5 b5 7. b3 Bb7 8. Nc3 h6
9. h3 g5 10. Qd4 c5 11. Qd3 b4 12. Na4 Nxd5 13. Qe4+ Be7 14. Bb2 Rf8 15. h4 gxh4
16. Nxh4 Nd7 17. Nf5 Rb8 18. Ng7# 1-0

[Event "Invitation"]
[Site "http://www.queenalice.com/game.php?id=818115"]
[Date "2010.8.14"]
[Round "-"]
[White "Arbustov"]
[Black "dumont"]
[Result "1-0"]
[WhiteElo "1300"]
[BlackElo "1119"]

1. d4 d6 2. e3 e5 3. Nc3 Nc6 4. Bc4 Be6 5. d5 Na5 6. Bd3 c6 7. dxe6 fxe6 8. Qh5+
g6 9. Qh3 Nh6 10. b4 b6 11. bxa5 bxa5 12. Qxe6+ Qe7 13. Qxe7+ Bxe7 14. Nf3 Rb8
15. O-O Rf8 16. Bd2 Rb2 17. Rfb1 Rb4 18. a3 Rb6 19. Rxb6 axb6 20. Na4 Bd8 21. e4
b5 22. Nb2 b4 23. axb4 c5 24. bxc5 dxc5 25. Nc4 Nf7 26. Bxa5 h6 27. Bxd8 Nxd8
28. Nfxe5 Rg8 29. Ra8 Rf8 30. Nd6+ Ke7 31. Nxg6+ Kxd6 32. Nxf8 Ke5 33. Rxd8 Kf4
34. g3+ Kf3 35. e5 h5 36. e6 Kg4 37. e7 Kf3 38. e8=Q Kg4 39. Qe4+ Kh3 40. Qh4#
1-0

[Event "Challenge"]
[Site "http://www.queenalice.com/game.php?id=826786"]
[Date "2010.9.2"]
[Round "-"]
[White "Nenita"]
[Black "dumont"]
[Result "1-0"]
[WhiteElo "1059"]
[BlackElo "1138"]

1. e4 d5 2. e5 e6 3. Nf3 Nd7 4. Nc3 d4 5. Ne4 f6 6. Bc4 Qe7 7. Nxd4 fxe5 8. Nxe6
Qb4 9. b3 Qa5 10. O-O g6 11. Qf3 Be7 12. Ng7+ Kd8 13. Qf7 Ndf6 14. Nxf6 Bxf6 15.
Qe8# 1-0

[Event "Challenge"]
[Site "http://www.queenalice.com/game.php?id=832779"]
[Date "2010.9.14"]
[Round "-"]
[White "jjjcarvalho"]
[Black "dumont"]
[Result "1-0"]
[WhiteElo "1782"]
[BlackElo "1125"]

1. e4 e5 2. Nf3 Nf6 3. d3 Bb4+ 4. Bd2 Bxd2+ 5. Qxd2 Nc6 6. a3 h5 7. h3 a6 8. Nc3
a5 9. Be2 b6 10. Qg5 Ba6 11. O-O-O b5 12. Nxe5 d6 13. Nxc6 Qd7 14. Nd4 b4 15.
axb4 axb4 16. Nd5 c6 17. Nxf6+ gxf6 18. Qxf6 Qe7 19. Qxh8+ Qf8 20. Qxh5 Ke7 21.
Bg4 Qh8 22. Nxc6+ Kf6 23. Qxh8+ Rxh8 24. Nxb4 Rg8 25. Nxa6 Ra8 26. Nb4 Ra1+ 27.
Kd2 Ra2 28. Nxa2 Kg5 29. Rdf1 f6 30. f4+ Kh4 31. Nc3 Kg3 32. Ne2+ Kxg2 33. Rfg1+
Kf2 34. Rh2# 1-0

[Event "Challenge"]
[Site "http://www.queenalice.com/game.php?id=843564"]
[Date "2010.10.9"]
[Round "-"]
[White "dumont"]
[Black "Arbustov"]
[Result "0-1"]
[WhiteElo "1114"]
[BlackElo "1414"]

1. d4 d5 2. Nc3 Nf6 3. f3 e6 4. Bg5 Be7 5. g3 O-O 6. Qd3 h6 7. Qh7+ Nxh7 8. Bh3
Nxg5 9. f4 Ne4 10. Nxe4 dxe4 11. e3 g5 12. Ne2 c5 13. Nc3 cxd4 14. Nxe4 f5 15.
Nf2 dxe3 16. Nd1 Qd2+ 17. Kf1 b6 18. Nxe3 Bc5 19. Nc4 Qf2# 0-1

[Event "Challenge"]
[Site "http://www.queenalice.com/game.php?id=844557"]
[Date "2010.10.12"]
[Round "-"]
[White "RAMIROCHE"]
[Black "dumont"]
[Result "0-1"]
[WhiteElo "1077"]
[BlackElo "1110"]

1. e4 e5 2. Nf3 d6 3. d4 c5 4. dxe5 dxe5 5. Qxd8+ Kxd8 6. Nxe5 f6 7. Nf7+ Ke8 8.
Nxh8 g5 9. h4 g4 10. Bc4 Nh6 11. Nc3 Nd7 12. Be3 Bg7 13. Bxh6 Bxh6 14. Nf7 Bc1
15. Rxc1 Nb6 16. Nd6+ Kd7 17. Nxc8 Rxc8 18. Bb5+ Ke6 0-1

[Event "Challenge"]
[Site "http://www.queenalice.com/game.php?id=878066"]
[Date "2010.12.28"]
[Round "-"]
[White "PRZ"]
[Black "dumont"]
[Result "1-0"]
[WhiteElo "1309"]
[BlackElo "1121"]

1. c3 e6 2. d3 Nc6 3. g3 d5 4. Qa4 b5 5. Qd1 b4 6. cxb4 Nxb4 7. Qa4+ Qd7 8.
Qxd7+ Bxd7 9. Kd2 g6 10. a3 Na6 11. b4 Bh6+ 12. e3 e5 13. Nf3 f6 14. Nc3 Be6 15.
b5 Nc5 16. d4 exd4 17. Nxd4 Bf5 18. Nxd5 Ne7 19. Nxc7+ Kd8 20. Nxa8 Ne4+ 21. Ke1
1-0

[Event "Torneo Latino"]
[Site "http://www.queenalice.com/game.php?id=935774"]
[Date "2011.5.8"]
[Round "1"]
[White "dumont"]
[Black "carito30236"]
[Result "0-1"]
[WhiteElo "1113"]
[BlackElo "1577"]

1. d4 d5 2. c3 h6 3. Nh3 g5 4. f4 Bxh3 5. gxh3 e6 6. Qa4+ Nc6 7. e3 a6 8. c4
Bb4+ 9. Nc3 gxf4 10. exf4 b5 11. Qb3 Qh4+ 12. Kd1 bxc4 13. Qa4 Ne7 14. Qc2 Nf5
15. Qd2 Ncxd4 16. a3 Nf3 17. Qe2 N5d4 18. Qd3 cxd3 19. Bxd3 Bxc3 20. bxc3 Qxh3
21. cxd4 Rg8 22. Bh7 Rg1+ 23. Ke2 Rxh1 24. Kf2 Nxd4 25. Be3 Rxh2+ 26. Kg1 Ne2#
0-1

[Event "Torneo Latino"]
[Site "http://www.queenalice.com/game.php?id=972013"]
[Date "2011.8.13"]
[Round "2"]
[White "jrafaelcc"]
[Black "dumont"]
[Result "1-0"]
[WhiteElo "1987"]
[BlackElo "1111"]

1. e4 Nf6 2. e5 Nd5 3. d4 Nc6 4. c4 Ndb4 5. a3 Na6 6. b4 f6 7. b5 fxe5 8. bxc6
bxc6 9. dxe5 d6 10. Bd3 dxe5 11. Qh5+ Kd7 12. Qxe5 e6 13. Bg5 Qe8 14. Nf3 Qe7
15. Bxe7 1-0